[Event "Corus"]
[Site "Wijk aan Zee 72"]
[Date "2010.01.26"]
[Round "9"]
[White "Carlsen, Magnus"]
[Black "Kramnik, Vladimir"]
[Result "0-1"]
[WhiteElo "2810"]
[BlackElo "2788"]
[Annotator "JvR"]
[PlyCount "75"]
[EventDate "2010.01.??"]
[EventCountry "NED"]

1. d4 Nf6 2. c4 e6 3. Nf3 d5 4. g3 dxc4 5. Bg2 Bb4+ 6. Bd2 a5 7. Nc3 O-O 8. a3
Be7 $5 ({Known is} 8... Bxc3 9. bxc3 b5) 9. Qa4 c6 10. Qxc4 b5 11. Qb3 $5 ({
More active is} 11. Qd3 $1) 11... Ba6 12. Bg5 Nbd7 13. Bxf6 gxf6 $5 14. Qc2 b4
15. Na4 Rc8 16. O-O c5 17. d5 $1 {Carlsen gives a pawn for the initiative.}
exd5 18. Bh3 $6 ({Commentators prefer} 18. Rfd1 $1) 18... Bb5 19. axb4 axb4 20.
Rfd1 d4 21. Bf5 Ne5 $1 {The fight for the initiative leads to another
sacrifice.} 22. Bxh7+ ({Kramnik had planned} 22. Bxc8 $6 d3 $5) 22... Kg7 23.
Nxe5 fxe5 24. Bf5 Rc6 25. Qe4 Rh8 $5 {He does not care about a pawn again.} 26.
Qxe5+ Bf6 27. Qe4 Re8 $1 28. Qg4+ Kf8 29. Be4 c4 $1 {Kramnik plays the game of
his life.} 30. Bxc6 Bxc6 {Black rules in the centre.} 31. Qh5 Re5 32. Qh6+ Ke7
$6 ({Best is} 32... Kg8 $1 33. Qf4 Qd5 {and Black attacks (Kramnik).}) 33. e4
$6 (33. Qd2 $1 Qd5 34. f3 c3 35. Qd3 Bb5 36. Nb6 {brings chances for both
sides.}) 33... d3 $1 34. Qe3 Bxe4 35. Nb6 $4 {Carlsen blunders a knight.} (35.
Re1 $1 Bc6 36. Qc5+ Qd6 37. Qxc4 d2 38. Red1 Re4 39. Qc5 Re2 40. Kf1 Qxc5 41.
Nxc5 Bb5 42. Kg2 Bd4 43. Ne4 Bc6 44. Kf1 Rxe4 45. Rxd2 {leads to a better
endgame for Black (Kramnik).}) 35... Bb7 $1 36. Qf4 Qxb6 37. Qxc4 Re2 38. Rf1 {
Carlsen resigned before ..Bd4 could be played. Kramnik joined the lead with
Shirov.} 0-1

[Event "Corus"]
[Site "Wijk aan Zee 72"]
[Date "2010.01.27"]
[Round "10"]
[White "Karjakin, Sergey"]
[Black "Carlsen, Magnus"]
[Result "0-1"]
[WhiteElo "2720"]
[BlackElo "2810"]
[Annotator "JvR"]
[PlyCount "90"]
[EventDate "2010.01.??"]
[EventCountry "NED"]

1. e4 e6 2. d4 d5 3. Nc3 Nf6 4. e5 Nfd7 5. f4 c5 6. Nf3 Nc6 7. Be3 Be7 8. Qd2
O-O 9. Be2 a6 10. O-O b5 11. Kh1 Qc7 12. a3 Bb7 13. Rad1 Rac8 $5 14. Qe1 $5
cxd4 15. Nxd4 Nxd4 16. Bxd4 Bc5 {Black counters in the centre.} 17. Qh4 $5 {
White wants to attack on the kingside.} Bxd4 18. Rxd4 f6 $1 19. Bd3 $2 {Rook
d4 becomes exposed.} h6 20. exf6 Rxf6 {Black has a positional edge.} 21. f5 $5
Rcf8 22. Rg1 Nc5 $1 (22... e5 $6 23. Nxd5 Bxd5 24. Rxd5 Nb6 25. Qe4 {brings
little advantage for Black (Carlsen).}) 23. fxe6 Nxe6 24. Rg4 $5 Nf4 25. Qg3
Qe7 $1 {Black controls square e2.} 26. Rxf4 $5 {White prolongs the game by a
sacrifice of the exchange.} (26. h3 d4 $1 27. Nb1 $5 h5 28. Rg5 h4 $1 29. Qxh4
Nxd3 30. cxd3 Rg6 31. Rg4 Qxh4 32. Rxh4 Rf2 {wins for Carlsen.}) 26... Rxf4 27.
Ne2 Rf1 28. Nd4 Rxg1+ 29. Kxg1 Re8 30. h4 Qe1+ 31. Kh2 Qxg3+ 32. Kxg3 Kf7 33.
Kf2 Kf6 34. g3 Bc8 35. c3 Bg4 36. Bc2 g5 37. hxg5+ hxg5 38. Bb3 Ke5 39. Bc2
Rf8+ 40. Kg2 Bd7 41. Nf3+ Kf6 42. Bb3 g4 43. Nd4 Ke5 44. Bc2 a5 45. Bd1 Ke4 {
Carlsen's best game in Corus 2010!} 0-1

[Event "Corus"]
[Site "Wijk aan Zee 72"]
[Date "2010.01.29"]
[Round "11"]
[White "Carlsen, Magnus"]
[Black "Dominguez Perez, Leinier"]
[Result "1-0"]
[WhiteElo "2810"]
[BlackElo "2712"]
[Annotator "JvR"]
[PlyCount "89"]
[EventDate "2010.01.??"]
[EventCountry "NED"]

1. d4 Nf6 2. c4 g6 3. Nc3 d5 4. Nf3 Bg7 5. Qb3 dxc4 6. Qxc4 O-O 7. e4 a6 8. e5
b5 9. Qb3 Nfd7 10. Ng5 ({Usual is} 10. e6) 10... Nb6 11. Be3 Nc6 12. Rd1 Bf5 $5
13. Be2 Na5 14. Qb4 Nac4 15. O-O f6 16. Nf3 Nxe3 17. fxe3 fxe5 18. dxe5 Qe8 19.
Qc5 Rc8 20. a4 Nxa4 21. Nxa4 bxa4 22. Nd4 Rb8 23. g4 Be4 24. Ne6 Rxf1+ 25. Bxf1
c6 26. Ng5 Bd5 27. e4 Bb3 28. Bc4+ e6 29. Nxe6 Bxc4 30. Qxc4 Kh8 $4 {Dominguez
breaks down under time pressure.} ({Correct is} 30... Bxe5 $1 31. Ng5+ Kh8 32.
Nf7+ Kg7 {(Krasenkow)} 33. Nxe5 Qxe5 34. Qxc6 {and equality.}) 31. Nxg7 Kxg7
32. e6 Rb7 33. Qc3+ Kg8 34. Rd6 Re7 35. Rxc6 Qf8 36. Rc8 Re8 37. Rxe8 Qxe8 38.
Qf6 Qc8 39. Kg2 Qc2+ 40. Kh3 Qc5 41. Kh4 Qb4 42. Qf7+ Kh8 43. e7 Qe1+ 44. Kg5
Qe3+ 45. Qf4 {Carlsen caught up with the leader Kramnik.} 1-0

[Event "Corus"]
[Site "Wijk aan Zee 72"]
[Date "2010.01.30"]
[Round "12"]
[White "Anand, Viswanathan"]
[Black "Kramnik, Vladimir"]
[Result "1-0"]
[WhiteElo "2790"]
[BlackElo "2788"]
[Annotator "JvR"]
[PlyCount "89"]
[EventDate "2010.01.??"]
[EventCountry "NED"]

{World champion Anand had won a lucky game against Shirov and drawn the rest.} 
1. e4 e5 2. Nf3 Nf6 3. Nxe5 d6 4. Nf3 Nxe4 5. d4 d5 6. Bd3 Nc6 7. O-O Be7 8. c4
Nb4 9. Be2 O-O 10. Nc3 Bf5 11. a3 Nxc3 12. bxc3 Nc6 13. Re1 Re8 14. cxd5 Qxd5
15. Bf4 Rac8 16. h3 Be4 17. Qc1 Na5 $5 18. Qe3 {Vishy choses a little known
line.} Bf8 $6 {Kramnik has forgotten his preparation and makes a slight error.}
({Better is} 18... Bf5) 19. c4 $1 Qd8 (19... Nxc4 $2 20. Bxc4 Qxc4 21. Nd2 {
costs material (Anand).}) 20. Ne5 Bf5 21. Qc3 b6 22. Rad1 Qf6 23. Qg3 Nc6 24.
Ng4 Qg6 25. d5 Na5 26. Bxc7 Bc2 $6 (26... Bc5 $1 27. Bf1 h5 28. Rxe8+ Rxe8 29.
Ne3 Qxg3 30. Bxg3 Bd7 {blockades the centre as compensation for the pawn 
(Anand).}) 27. Rc1 $1 Nb3 $2 (27... Bf5 {avoids the next move.}) 28. Rxc2 $1 {
A fine positional sacrifice decides the game.} Qxc2 29. Nh6+ $1 Kh8 30. Nxf7+
Kg8 31. Nh6+ Kh8 32. Nf7+ Kg8 33. Nh6+ {It is not a threefold repetition,
because pawn f7 has been captured.} Kh8 34. Be5 $1 {Vishy plays a great attack.
} Qg6 35. Bg4 $5 Rxc4 $6 (35... Rcd8 36. Nf5 Nc5 {offers more resistance.}) 36.
Qxb3 Rxe5 37. Rxe5 Rc1+ 38. Kh2 Bd6 39. f4 $5 Bxe5 40. fxe5 gxh6 41. Qe3 Qb1
42. d6 Rh1+ 43. Kg3 Re1 44. Qf4 Rf1 45. Bf3 {Anand had spoiled Kramnik's
tournament. Carlsen led by half-a-point on Kramnik and Shirov at the end of
the penultimate round.} 1-0

[Event "Corus"]
[Site "Wijk aan Zee 72"]
[Date "2010.01.31"]
[Round "13"]
[White "Nakamura, Hikaru"]
[Black "Tiviakov, Sergei"]
[Result "1-0"]
[WhiteElo "2708"]
[BlackElo "2662"]
[Annotator "JvR"]
[PlyCount "157"]
[EventDate "2010.01.??"]
[EventCountry "NED"]

1. e4 d5 2. exd5 Qxd5 3. Nf3 Bg4 4. Be2 Nc6 5. h3 Bxf3 6. Bxf3 Qe6+ 7. Qe2
Qxe2+ 8. Bxe2 Nd4 9. Bd1 e5 10. O-O O-O-O 11. d3 g6 12. Re1 $5 {White has the
two bishops.} ({Known is} 12. f4) 12... Bg7 13. Nd2 Ne7 14. c3 Ne6 15. Nf3 Nc6
16. Bc2 Rd6 17. Ng5 Ncd8 18. Nf3 Nc6 19. Nd2 Rd7 20. Ne4 f5 21. Ng5 Nc5 22. Rd1
h6 23. Be3 hxg5 24. Bxc5 b6 25. Be3 Bf6 26. a4 Kb7 27. Kf1 Re8 28. Re1 Red8 29.
b4 a5 30. bxa5 Nxa5 31. Rab1 Ka6 32. Red1 Rd6 33. Ke2 Rc6 34. Bd2 Ka7 35. g4
Nb7 36. Bb3 Rcd6 37. Bf7 Be7 38. Bc1 Nc5 39. Bc4 Nb7 40. Ba3 c5 41. Kf1 Na5 42.
Bb5 Bf6 43. Kg2 Kb7 44. Re1 Kc7 45. Rbd1 e4 $2 {Even Tiviakov can lose his
patience.} ({Better is} 45... Nc6) 46. d4 $1 Rd5 47. Rb1 cxd4 48. cxd4 Rxd4 $6
(48... Kb7 49. Rec1 Rxd4 50. Bb4 Rb8 {defends well.}) 49. Ba6 $1 Rb8 50. Rec1+
Kd7 51. Bc5 $1 Rd5 52. Bxb6 $5 Nc6 $2 53. Bc4 $6 (53. a5 $1 {wins more quickly.
}) 53... Rd2 54. Rd1 Bc3 55. Be3 Rxb1 56. Rxb1 Rc2 57. Bb3 Re2 58. Kf1 Rb2 59.
Rxb2 Bxb2 60. gxf5 gxf5 61. Bxg5 {White has won a pawn.} Nd4 62. Bd1 Bc3 63. h4
Ke6 64. h5 Kf7 65. Be3 Nc6 66. Bb3+ Kf6 67. Bd5 Ne5 68. Bb6 $1 Kg5 69. a5 Nd7
70. Bc7 Nc5 71. Bf7 Na6 72. Bd8+ Kh6 73. Bg6 Nc5 74. Bb6 Bb4 75. Bxf5 Kxh5 76.
Bxe4 $5 Nxe4 77. a6 Nd2+ 78. Kg2 Nc4 79. Bd4 {The fight for the tournament
victory was exciting. Shirov accepted the offer of a draw, when he could have
won. Carlsen lost a pawn but managed to draw and triumphed. Final standings:
Carlsen 81/2/13, Kramnik and Shirov 8, Anand and Nakamura 71/2, Karjakin and
Ivanchuk 7, Leko and Leinier Dominguez 61/2, Caruana 51/2, Short and Van Wely
5, Tiviakov and Smeets 41/2.} 1-0

[Event "Corus B"]
[Site "Wijk aan Zee 72"]
[Date "2010.01.17"]
[Round "2"]
[White "Nisipeanu, Liviu"]
[Black "Giri, Anish"]
[Result "0-1"]
[WhiteElo "2681"]
[BlackElo "2588"]
[Annotator "JvR"]
[PlyCount "62"]
[EventDate "2010.01.??"]
[EventCountry "NED"]

{Giri was allowed to participate in the B-group, after his excellent
performance in the C-group during the previous year.} 1. e4 e5 2. Nf3 Nf6 3.
Nxe5 d6 4. Nf3 Nxe4 5. c4 Nc6 6. Be2 Be7 7. O-O O-O 8. d4 Bf6 9. d5 Ne7 10. Nd4
$5 Re8 $1 {Black has the initiative.} 11. Na3 $5 Nf5 12. Nac2 Nc5 13. Nb3 Bd7
14. Nxc5 dxc5 15. Bd3 a5 16. Rb1 h6 17. Bd2 b6 18. Qf3 Nd6 19. b3 Be5 20. h3 f5
21. Rfe1 Qf6 22. Re2 Re7 23. Rbe1 Rae8 24. Qh5 $6 g6 25. Qf3 Nf7 26. Bf4 Kg7 $1
27. Qg3 $6 ({More solid is} 27. Kf1 Qd6 28. g3 Ng5 29. Qg2) 27... Bxf4 28. Qxf4
Ne5 $1 29. Qd2 f4 $1 30. Be4 $2 ({Correct is} 30. f3 {Giri would have answered}
h5 {followed by g5-g4.}) 30... Bxh3 $1 31. Qc3 ({The pointe is} 31. gxh3 f3 $1
32. Re3 Qg5+ {and mate.}) 31... Bg4 {Giri won the B-group by 9/13.} 0-1

[Event "Corus B"]
[Site "Wijk aan Zee 72"]
[Date "2010.01.22"]
[Round "6"]
[White "L'Ami, Erwin"]
[Black "Negi, Parimarjan"]
[Result "1-0"]
[WhiteElo "2615"]
[BlackElo "2621"]
[Annotator "JvR"]
[PlyCount "69"]
[EventDate "2010.01.??"]
[EventCountry "NED"]

{Erwin L'Ami showed a fine performance in the B-group.} 1. Nf3 Nf6 2. c4 g6 3.
Nc3 d5 4. cxd5 Nxd5 5. h4 h6 6. e4 Nxc3 7. dxc3 Qxd1+ 8. Kxd1 Nd7 9. Bf4 c6 10.
Bc4 Bg7 11. Kc2 Nc5 12. Nd2 Be6 13. f3 b6 $5 ({Known is} 13... Bxc4 14. Nxc4
O-O) 14. a4 Bxc4 15. Nxc4 O-O-O 16. h5 g5 $6 ({Preferable is} 16... Nd3 $1 17.
Bg3 g5) 17. Be5 $1 Rhg8 18. Bxg7 Rxg7 19. Ne5 {White has an edge.} Rd6 $5 20.
b4 Nd7 21. Ng4 Re6 $2 {Negi gives up the control over the d-file.} (21... Rh7
$1 {overprotects pawn h6.}) 22. a5 b5 23. Rad1 Ne5 24. Nxe5 Rxe5 25. Rd2 f5 $5
26. Rhd1 $1 e6 27. exf5 exf5 28. Rd6 $1 {Black is going to lose a pawn.} c5 $5
29. Rxh6 cxb4 30. Rc6+ $1 Rc7 ({Or} 30... Kb7 31. Rdd6 $1) 31. Rxc7+ Kxc7 32.
cxb4 Re2+ 33. Kd3 $1 Re6 ({The pointe is} 33... Rxg2 34. Rh1 $1 Rg3 35. h6) 34.
Rc1+ Kd7 35. Rc5 {The organisers were impressed by Erwin's wonderful play and
invited him for the A-group in 2011.} 1-0

[Event "Tata Steel"]
[Site "Wijk aan Zee 73"]
[Date "2011.01.15"]
[Round "1"]
[White "Ponomariov, Ruslan"]
[Black "Anand, Viswanathan"]
[Result "0-1"]
[WhiteElo "2744"]
[BlackElo "2810"]
[Annotator "JvR"]
[PlyCount "104"]
[EventDate "2011.01.??"]
[EventCountry "NED"]

{The seventy-third tournament was played in Wijk aan Zee from 15 until 30 i
2011. Tata Steel was the new name of the sponsor.} 1. e4 c5 2. Nf3 d6 3. d4
cxd4 4. Nxd4 Nf6 5. Nc3 a6 6. Be2 e5 7. Nb3 Be7 8. O-O O-O 9. Be3 Be6 10. Nd5
Nbd7 11. Qd3 Bxd5 12. exd5 Nc5 13. Qd2 Nfe4 14. Qb4 a5 15. Qb5 Qc7 16. Qc4 $5
Rac8 17. Rfd1 $6 (17. f3 $1 Nf6 18. Nxc5 dxc5 19. Rad1 {keeps an edge (Stohl).}
) 17... f5 $1 18. c3 Qd8 19. Qb5 b6 20. Nd2 Nxd2 21. Bxd2 Bf6 22. Rab1 e4 23.
b4 Nd7 24. Rb3 Be5 25. a3 Rf7 $5 {Black develops quietly.} 26. c4 $6 {The
queen will become imprisoned.} axb4 27. axb4 Ra8 $1 28. Bc3 $5 Bxc3 29. Rxc3
Ra2 30. Re3 g6 31. Bf1 Qf6 32. Rde1 $6 Kg7 $6 (32... f4 $1 33. Rxe4 f3 34. gxf3
Qxf3 {attacks forcefully.}) 33. R3e2 Ra3 34. Qc6 h5 35. Re3 Ra7 36. h3 h4 37.
Rb3 Ra2 38. Rbe3 $6 g5 $2 ({Anand misses the win} 38... Rxf2 $1 39. Kxf2 Qd4
40. Ke2 f4) 39. R3e2 Ra7 40. Qc8 Ne5 41. Rc2 $2 (41. Qe8 {offers more
resistance.}) 41... Rf8 42. Qe6 Qd8 $1 {Black catches a queen.} 43. c5 bxc5 44.
bxc5 Rf6 45. Qxe5 dxe5 46. d6 g4 47. hxg4 fxg4 48. g3 hxg3 49. fxg3 Qa5 50.
Rec1 Qa3 51. Rc3 Qb2 52. R1c2 Qb4 {The world champion made a fine start.} 0-1

[Event "Tata Steel"]
[Site "Wijk aan Zee 73"]
[Date "2011.01.17"]
[Round "3"]
[White "L'Ami, Erwin"]
[Black "Anand, Viswanathan"]
[Result "1/2-1/2"]
[WhiteElo "2628"]
[BlackElo "2810"]
[Annotator "JvR"]
[PlyCount "61"]
[EventDate "2011.01.??"]
[EventCountry "NED"]

{Erwin L'Ami was allowed to participate in the A-group after fine results in
the B-group.} 1. d4 Nf6 2. c4 e6 3. Nf3 Bb4+ 4. Bd2 a5 5. Nc3 b6 6. e3 Bb7 7.
Bd3 O-O 8. O-O d5 9. cxd5 exd5 10. Ne5 Nbd7 11. f4 c5 12. a3 $5 Bxc3 13. Bxc3
c4 14. Bc2 b5 15. Rf3 Ra6 16. Rg3 {White has the initiative on the kingside.
Black counters on the other flank.} Qe7 $1 17. Qe1 Rfa8 {Anand manoeuvres well.
} 18. Rd1 Nb6 19. Ng4 Nxg4 20. Rxg4 Nd7 $1 {The knight wants to control e4.}
21. e4 $5 dxe4 $5 ({The alternative is} 21... Nf6 $1 22. Rg5 Nxe4 23. Bxe4 dxe4
24. Rxb5 {and a battle (Marin).}) 22. d5 f6 23. Bxe4 Re8 24. Qg3 Nc5 $1 25. Bf5
Nd3 $1 {Black takes no risk.} 26. Bxd3 cxd3 27. Qxd3 Rd6 28. Re1 Qd7 29. Rxe8+
Qxe8 30. f5 Rxd5 31. Rd4 {Erwin drew with the world champion, a fine result.}
1/2-1/2

[Event "Tata Steel"]
[Site "Wijk aan Zee 73"]
[Date "2011.01.17"]
[Round "3"]
[White "Nakamura, Hikaru"]
[Black "Shirov, Alexei"]
[Result "1-0"]
[WhiteElo "2751"]
[BlackElo "2722"]
[Annotator "JvR"]
[PlyCount "185"]
[EventDate "2011.01.??"]
[EventCountry "NED"]

1. e4 e5 2. Nf3 Nc6 3. Bb5 a6 4. Ba4 Nf6 5. O-O b5 6. Bb3 Bc5 7. c3 d6 8. a4
Rb8 9. d4 Bb6 10. axb5 axb5 11. Na3 O-O 12. Nxb5 Bg4 13. d5 Ne7 14. Bc2 Qd7 15.
Na3 $5 ({Known is} 15. c4) 15... Nexd5 $5 16. h3 $1 Bh5 $1 (16... Bxf3 $6 17.
Qxf3 Ne7 18. Bg5 {favours White.}) 17. exd5 e4 18. Bg5 Bxf3 $1 19. Qd2 $1 (19.
gxf3 $2 Qxh3 20. fxe4 Qg3+ $1 21. Kh1 Qxg5 {wins for Black.}) 19... e3 $5 (
19... Qf5 $1 20. Nc4 Be2 $1 21. Qxe2 Qxg5 {leads to equality.}) 20. Bxe3 Bxe3
21. fxe3 Be4 22. Rxf6 $1 Bxc2 23. Rf4 Bg6 24. Nc4 {White has netted a pawn.}
Ra8 25. Na5 Rfe8 26. Ra3 Be4 27. c4 g5 $5 28. Rf1 g4 29. h4 $5 Qe7 30. Qf2 Bg6
31. b4 h5 32. Rc3 Qe5 33. Rb3 Qe4 34. Rc3 Qe5 35. Rfc1 Be4 36. Qf4 g3 $5 37.
Qxe5 Rxe5 38. Ra3 Kg7 39. Rf1 Ree8 40. Rfa1 Re5 $2 (40... Bg6 $1 41. Nc6 Rxa3
42. Rxa3 Re4 43. Nd4 Rxh4 {draws (Atalik).}) 41. Nb3 Rxa3 42. Rxa3 Bxd5 $1 43.
Nd2 $1 (43. cxd5 $2 Rxe3 {brings a horrible position for White.}) 43... Be6 44.
e4 Bg4 45. Rxg3 f5 46. Re3 Re8 47. Kf2 Ra8 48. exf5 Ra2 49. Rd3 Bxf5 50. Rd5
Be6 51. Rg5+ Kh6 52. Ke3 Ra3+ 53. Kd4 Ra1 54. g3 Rd1 55. Kc3 Rg1 56. b5 Rc1+
57. Kd3 Bf7 58. Nb3 $3 Rd1+ (58... Bxc4+ 59. Kd2 Rg1 60. Nd4 {moves similar to
the game.}) 59. Ke2 Rb1 60. Nd4 $1 Bxc4+ 61. Kd2 d5 62. Nf5+ Kh7 63. Rxh5+ Kg6
64. Rg5+ Kf6 65. Ne3 Rb2+ 66. Kd1 Be2+ 67. Kc1 Rxb5 68. Kd2 $1 ({Avoids} 68.
Nxd5+ $2 Kf7 69. Rf5+ Ke6 70. Rf2 Rxd5 71. Rxe2+ Kf5 72. Re8 Kg4 73. Rg8+ Kh5 {
and Black escapes (Atalik).}) 68... Rb2+ 69. Kc3 Rb5 70. Nxd5+ Kf7 71. Re5 Bg4
72. Re7+ Kf8 73. Re4 Bf5 $5 {White takes a second pawn anyway.} 74. Nxc7 Rc5+
75. Rc4 Re5 76. Rf4 Ke7 77. Kd4 Ra5 78. Nd5+ Ke6 79. Nc3 $18 Ra8 80. g4 Bh7 81.
Ke3 Rc8 82. Ne2 Ke5 83. Ra4 Rb8 84. Nd4 Rb1 85. Ra5+ Kf6 86. Kf4 Rf1+ 87. Nf3
Bc2 88. Kg3 Rb1 89. Ra6+ Kg7 90. Nd4 Bd3 91. Rd6 Kf7 92. Kf4 Ra1 93. h5 {
Nakamura took the lead by 21/2/3 after a long fight.} 1-0

[Event "Tata Steel"]
[Site "Wijk aan Zee 73"]
[Date "2011.01.18"]
[Round "4"]
[White "Anand, Viswanathan"]
[Black "Wang Hao"]
[Result "1-0"]
[WhiteElo "2810"]
[BlackElo "2731"]
[Annotator "JvR"]
[PlyCount "65"]
[EventDate "2011.01.??"]
[EventCountry "NED"]

1. d4 Nf6 2. c4 e6 3. Nc3 Bb4 4. f3 d5 5. a3 Bxc3+ 6. bxc3 c5 7. cxd5 Nxd5 8.
dxc5 Qa5 9. e4 Ne7 10. Be3 O-O 11. Qb3 Qc7 12. Bb5 Nec6 13. Ne2 Na5 14. Qb4 e5
15. O-O Be6 16. Nd4 $1 {Anand brings a fine novelty.} ({Known is} 16. Rfd1)
16... exd4 17. cxd4 {White has the two bishops and two centre pawns as
compensation for a piece.} Nbc6 18. Qc3 Ne7 19. Rfd1 Rad8 20. Bf2 a6 $2 {Black
misses the main threat.} (20... f5 $1 {(prevents Bg3)} 21. d5 Bxd5 22. exd5
Nxd5 {tries to survive.}) 21. Bg3 $1 Qc8 22. Bf1 $1 b6 ({The pointe is} 22...
Nac6 23. Bd6 {(Anand).}) 23. Rab1 Nb3 24. Rxb3 Bxb3 25. Qxb3 bxc5 26. d5 Ng6
27. Qb6 f5 28. Bxa6 Qd7 29. Bb5 Qf7 30. exf5 Qxf5 31. Qxc5 Rc8 32. Qd4 Rfd8 33.
a4 {Anand and Nakamura shared the lead by 3/4.} 1-0

[Event "Tata Steel"]
[Site "Wijk aan Zee 73"]
[Date "2011.01.21"]
[Round "6"]
[White "Shirov, Alexei"]
[Black "Kramnik, Vladimir"]
[Result "0-1"]
[WhiteElo "2722"]
[BlackElo "2784"]
[Annotator "JvR"]
[PlyCount "86"]
[EventDate "2011.01.??"]
[EventCountry "NED"]

1. e4 e5 2. Nf3 Nc6 3. d4 exd4 4. Nxd4 Nf6 5. Nxc6 bxc6 6. e5 Qe7 7. Qe2 Nd5 8.
c4 Nb6 9. Nc3 Bb7 10. Bd2 g6 11. Ne4 O-O-O 12. a4 $5 Ba6 13. Qe3 $1 Qxe5 $1 14.
Bc3 Bb4 15. Bxb4 Rhe8 16. f3 d5 {Black gains back his piece.} 17. a5 $6 ({
Better is} 17. cxd5 Bxf1 18. Kxf1) 17... Nxc4 18. Qxa7 Qxb2 19. Qxa6+ Kd7 {
Black has an advantage, despite the two minus pieces.} 20. Rd1 Qxb4+ 21. Kf2
Rxe4 $1 {Another sacrifice follows.} 22. fxe4 Qc5+ 23. Ke1 Qb4+ 24. Kf2 Qc5+
25. Ke1 Nb2 $1 {Black plays for a win with a few pieces.} 26. exd5 $2 ({
Preferable is} 26. Qe2 Nxd1 27. Qxd1 {(Tadic).}) 26... Qc3+ 27. Rd2 Qc1+ $2 (
27... Re8+ $1 28. Be2 Qc1+ 29. Kf2 Qxd2 {wins for Black (Postny).}) 28. Ke2
Re8+ 29. Kf3 Qxd2 30. Qxc6+ Kd8 31. Qf6+ Re7 32. Kg4 $2 (32. Kg3 $5 Nd3 33.
Bxd3 Qxd3+ 34. Kh4 Ke8 $1 35. Rf1 $1 {defends properly.}) 32... Nd1 $1 33. Qh8+
Kd7 34. Bb5+ c6 $1 35. Bxc6+ Kc7 36. d6+ Qxd6 37. Rxd1 Qxd1+ 38. Bf3 h5+ 39.
Kg3 Qe1+ 40. Kh3 Qe6+ 41. Kh4 g5+ $1 42. Kxg5 Qg6+ 43. Kf4 f6 $1 {Kramnik won
a great game. Anand and Nakamura joined the lead.} 0-1

[Event "Tata Steel"]
[Site "Wijk aan Zee 73"]
[Date "2011.01.22"]
[Round "7"]
[White "Grischuk, Alexander"]
[Black "Aronian, Levon"]
[Result "0-1"]
[WhiteElo "2773"]
[BlackElo "2805"]
[Annotator "JvR"]
[PlyCount "98"]
[EventDate "2011.01.??"]
[EventCountry "NED"]

1. e4 e5 2. Nf3 Nc6 3. Bb5 a6 4. Ba4 Nf6 5. O-O Be7 6. Bxc6 dxc6 7. Nc3 Nd7 8.
d4 exd4 9. Nxd4 O-O 10. Qe2 Bd6 $5 11. Be3 Nf6 $1 12. f4 Ng4 {Black counters.}
13. Rad1 Nxe3 14. Qxe3 f6 15. Nce2 Qe7 16. Kh1 Re8 17. Ng3 Qf7 18. b3 Bg4 19.
Rde1 Bd7 {The chances are about equal.} 20. Nf3 Rad8 21. e5 fxe5 22. fxe5 ({
The alternative is} 22. Nxe5 $5 Qd5 23. Nh5) 22... Qg6 23. Qa7 $6 {The queen
moves offside.} (23. c3 $1 {strengthens the control over the centre.}) 23...
Bb4 $1 24. Rd1 Bc8 25. Qf2 Rxd1 26. Rxd1 Rf8 27. Qe2 Be7 28. Rf1 h6 29. Nd4 $5
c5 30. Rxf8+ Bxf8 31. Nf3 Be6 $1 32. Nf1 $6 ({More active is} 32. Ne4 $5 b5 33.
c4) 32... b5 33. c4 $2 (33. Qd2 c4 34. Nd4 {keeps the defence closed.}) 33...
bxc4 34. bxc4 Qb1 $1 {White can do little.} 35. h3 Qc1 $1 36. N3d2 Be7 $5 37.
Kh2 $5 Bg5 38. g3 Qc2 $1 {The pins are awful.} 39. a3 Qf5 40. g4 Bf4+ 41. Kg2
Qxe5 42. Qxe5 Bxe5 {The two bishops rule the position.} 43. Ne3 Bb2 44. Nb1 Kf7
45. Kf3 Kf6 46. Ke4 Kg5 47. Nd5 Bxd5+ 48. cxd5 Kh4 49. Nd2 Bxa3 {Aronian
restricted his opponent terribly.} 0-1

[Event "Tata Steel"]
[Site "Wijk aan Zee 73"]
[Date "2011.01.22"]
[Round "7"]
[White "Nakamura, Hikaru"]
[Black "Smeets, Jan"]
[Result "1-0"]
[WhiteElo "2751"]
[BlackElo "2662"]
[Annotator "JvR"]
[PlyCount "121"]
[EventDate "2011.01.??"]
[EventCountry "NED"]

1. d4 d5 2. c4 c6 3. Nf3 Nf6 4. Nc3 e6 5. Bg5 dxc4 6. e4 b5 7. e5 h6 8. Bh4 g5
9. Nxg5 hxg5 10. Bxg5 Nbd7 11. g3 Bb7 12. Bg2 Qb6 13. exf6 c5 14. d5 O-O-O 15.
O-O b4 16. Na4 Qb5 17. a3 exd5 18. axb4 cxb4 19. Bf4 Bh6 20. Qd2 Bxf4 21. Qxf4
Bc6 $6 ({Known is} 21... Nc5 $2 22. Nxc5 Qxc5 23. Rfe1) ({More solidity brings
} 21... Nf8 $5 22. Rfe1 Ne6 $1) 22. Qd4 $5 (22. Rfe1 $1 {gains more advantage.}
) 22... Kb8 $5 23. Rfe1 $1 Rhe8 24. Re7 $5 ({Even better is} 24. Qf4+ $1 Kc8
25. Re7) 24... Qa5 $1 25. Rxf7 $5 Bxa4 26. Bxd5 $5 Qc5 $1 27. Qf4+ Ne5 28. Be4
Rd7 29. Rg7 Bb5 30. Rxd7 Bxd7 31. Bg6 Rf8 32. Re1 Qd6 33. Qxe5 Rxf6 34. Qxd6+
Rxd6 {Black has compensation for the pawn in the endgame.} 35. Bf7 Rd2 36. Bxc4
Rxb2 37. h4 Bg4 $2 {He wastes time.} (37... a5 38. h5 Rc2 $1 39. Bd3 Rc6 {
offers more resistance (Krasenkow).}) 38. Kg2 $5 a5 39. Re5 Rc2 40. Rb5+ Kc7
41. Bd5 Rd2 42. Bf7 Bd7 $5 43. Rxa5 Bc6+ 44. Kf1 Bf3 {Black has given a pawn
for the counter.} 45. Ra1 Kd6 46. Bb3 Rd3 47. Rb1 Kc5 48. Ke1 Kb5 49. Bd1 Bxd1
50. Rxd1 Rc3 $6 ({The last try in the rook ending gives} 50... Ra3 $5 51. h5 b3
52. h6 Ra6 53. h7 Rh6 54. Rd7 $1 b2 55. Rb7+ {and White wins.}) 51. h5 b3 52.
Kd2 Rc8 53. Rc1 Rf8 54. f4 Kb4 55. Rh1 $1 Ka3 56. Ke3 b2 57. g4 Rc8 58. Rb1 $1
Ka2 59. Rxb2+ Kxb2 60. h6 Kc3 61. g5 $1 {Smeets cannot stop the passed pawns.
Nakamura took the sole lead again.} 1-0